01310nam a22001817a 4500003000500000005001700005008004100022020001800063050002300081100003800104245005300142260006400195300003300259520076900292650001301061650002801074650002601102PILC20160601092042.0150304b xxu||||| |||| 00| 0 eng d a9789719968375 aLB 2369b.C74 2013 aCristobal, Amadeo Pangilinan, Jr. aResearch made easier :ba step-by-step process / aQuezon City, Philippines :bC & E Publishing, Inc.,cc2013. axi; 285 p. :bill. ;c26 cm. aEspecially designed for college students who are required to submit an undergraduate or a "baby" thesis in their major field of study, Research Made Easier: A Step by Step Process expounds on the concepts and principles that underlie the preparation and writing of a research paper. It examines as well the various aspects of the research study from formulating a title, stating the main problem and sub-problems, and devising a methodology, to gathering, presenting, and interpreting data, onto summarizing the findings, drawing conclusions and making recommendations. These discussions are substantiated by authentic examples and excerpts from student theses, and capped by activities and exercises that take students on an experiential research writing process. aResearch aResearch report writing aResearch--Methodology